| 000 | 00969nam a2200205Ia 4500 | ||
|---|---|---|---|
| 003 | IN-BaIIA | ||
| 008 | 211028s9999 xx 000 0 eng d | ||
| 040 | _cIIA Library | ||
| 080 |
_a910.4(082.1) _bRAM |
||
| 110 | _aWorld Meteorological Organisation | ||
| 111 |
_asymposium on meteorological results of the international Indian ocean expedition _cBombay _d1965 July 22-26 _95264 |
||
| 245 | 0 |
_aProceedings of the symposium on meteorological results of the international Indian ocean expedition _bsymposium on meteorological results of the international Indian ocean expedition, 22-26 July 1965, Bombay, India _cWorld Meteorological Organization |
|
| 260 |
_aGeneva _bWorld Meteorological Organization _c1965 |
||
| 300 | _a434p. | ||
| 650 |
_a Ocean-atmosphere interaction _95265 |
||
| 650 | _aAstronomy and Astrophysics Thesaurus | ||
| 650 |
_aTropical cyclone _95266 |
||
| 710 |
_aUnited Nations Educational, Scientific and Cultural Organization _95267 |
||
| 942 | _cBK | ||
| 999 |
_c2951 _d2951 |
||